000 00416nab a2200145Ia 4500
003 ES-SlBCS
005 20210601135702.0
008 140529s1996 xxu||||| |||| 00| 0 spa d
041 _aspa
100 1 _aAnwar, Ghazala
_9235330
245 0 0 _aDiscursos feministas musulmanes
_c Ghazala Anwar
650 0 4 _aFeminismo-Mundo Musulmán
_9235331
773 0 _tConcilium
_gnº. 263, 1996, págs. 79-88
_wRev134
942 _cAR
999 _c632254
_d632254